000 01013nam a2200217Ia 4500
003 Ost
005 20260507075029.0
008 260507s9999||||xx |||||||||||||| ||und||
040 _cfsecg
041 _aara
082 _a330
100 _aالسيد، رشاد عارف
_eمؤلف
245 0 _aالقانون الدولي العام في ثوبه الجديد /
_c رشاد عارف السيد
260 _aعمان:
_bدار وائل للنشر,
_c2001
300 _a270 صفحة؛
_bإيضاحات ؛
_c24 سم
520 _aعموميات في التعريف بقانون الدولي العام، مصادر القانون الدولي العام، الشخصية القانونية الدولية، المسؤولية الدولية، الوسائل السلمية لتسوية المنازعات الدولية، الفرد في القانون الدولي
653 _aالقانون
653 _aالقانون الدولي
653 _aالمنازعات الدولية
942 _cكتاب
999 _c42380
_d42380